| 000 | 00996nas a2200313 454500 | ||
|---|---|---|---|
| 001 | 44894 | ||
| 005 | 20260407193511.0 | ||
| 008 | 260407s2005####ag###########|||spa#d | ||
| 003 | AR-UNSa-BCEJYS | ||
| 040 |
_aAR-UNSa-BCEJYS _bspa _cAR-UNSa-BCEJYS |
||
| 080 |
_a331.5 _xMercado de Trabajo. Empleo |
||
| 245 | 1 | 0 | _aRevista de estudios regionales y mercado de trabajo |
| 022 | _a1669-9084 | ||
| 264 | 1 |
_aBuenos Aires : _bCIPSA _c2005 |
|
| 310 | _aFrecuencia: Anual | ||
| 041 | _aspa | ||
| 942 | _cSER | ||
| 590 | _aniveau_biblio:s niveau_hierar:1 | ||
| 100 | 1 | _aSistema de Información del Mercado Laboral (SIMEL) | |
| 700 | 1 | _aCentro de Estudios Urbano Regionales (CEUR) | |
| 700 | 1 | _aMarcoleri, MarÃa Elena | |
| 650 | _aEmpleo | ||
| 650 | _aPobreza | ||
| 650 | _aEstudios sociales | ||
| 650 | _aMercado de trabajo | ||
| 650 | _aECONOMIA | ||
| 650 | _aDESARROLLO ECONOMICO | ||
| 856 | 4 | 1 |
_uhttps://www.biblioeco.unsa.edu.ar/pmb/images/revistas/R21663.jpg _yImagen de portada _qimage/jpeg |
| 999 |
_c8928 _d8928 |
||